[Event "LADAC"]
[Site "?"]
[Date "1999.11.01"]
[Round "?"]
[White "Ristorto Rogelio Santo (ARG)"]
[Black "Magallon Minguez Antonio (ESP"]
[Result "0-1"]
[WhiteElo "2577"]
[BlackElo "2461"]
[PlyCount "78"]
[EventDate "1999.??.??"]
[Source "www.chesslib.no"]
[SourceDate "2004.05.04"]

1. d4 d5 2. e3 Nf6 3. Bd3 c5 4. c3 Nc6 5. f4 Bg4 6. Nf3 e6 7. O-O Bd6 8. Qe1 O-O 9. Nbd2 cxd4 10. Nxd4 Nxd4 11. exd4 Bf5 12. Be2 Qc7 13. Qh4 Be7 14. Qe1 Rac8 15. Nf3 h6 16. Ne5 Ne4 17. Bd3 Nd6 18. Qe2 Bxd3 19. Nxd3 b5 20. Nc5 Rfe8 21. b4 a5 22. a3 Ra8 23. Ra2 axb4 24. axb4 Qc6 25. Rxa8 Rxa8 26. Bb2 Ra2 27. Ra1 Rxa1+ 28. Bxa1 Qa8 29. Qb2 Nc4 30. Qb1 Qa3 31. Nd3 g5 32. g3 gxf4 33. gxf4 Bd6 34. Kg2 Qa4 35. Kh1 Kf8 36. Kg2 Nd2 37. Qe1 Nb3 38. Bb2 Nxd4 39. Bc1 Nf5 0-1

[Event "JUG-chT playoff f"]
[Site "Novi Sad"]
[Date "2000.09.08"]
[Round "1.10"]
[White "Tosic, Miroslav"]
[Black "Raicevic, Vladimir"]
[Result "1-0"]
[WhiteElo "2507"]
[BlackElo "2461"]
[PlyCount "57"]
[EventDate "2000.09.??"]
[Source "ChessBase"]
[SourceDate "2000.11.10"]

1. d4 d5 2. e3 Nf6 3. Bd3 c5 4. c3 Qc7 5. f4 Nc6 6. Nf3 Bg4 7. O-O cxd4 8. exd4 Ne4 9. Nbd2 Nxd2 10. Bxd2 e6 11. h3 Bxf3 12. Qxf3 g6 13. f5 gxf5 14. Bxf5 exf5 15. Qxf5 Bd6 16. Rae1+ Ne7 17. Qxf7+ Kd8 18. Bg5 Re8 19. Rf5 Qd7 20. Rxd5 Kc7 21. Rxd6 Kxd6 22. Bf4+ Kc6 23. Re6+ Kb5 24. Rd6 Qc6 25. Qb3+ Ka6 26. d5 Nxd5 27. Qxd5 Qxd6 28. Bxd6 b6 29. b4 1-0

[Event "Mondariz zt 1.1"]
[Site "Mondariz"]
[Date "2000.09.07"]
[Round "5"]
[White "Galego, Luis"]
[Black "Narciso Dublan, Marc"]
[Result "0-1"]
[WhiteElo "2419"]
[BlackElo "2507"]
[PlyCount "92"]
[EventDate "2000.09.03"]
[Source "ChessBase"]
[SourceDate "2000.11.21"]

1. d4 d5 2. e3 Nf6 3. Bd3 Nc6 4. c3 e5 5. Bb5 e4 6. c4 Bd7 7. cxd5 Nb4 8. Bc4 Nfxd5 9. a3 Qg5 10. axb4 Qxg2 11. Bxd5 Qxh1 12. Kd2 c6 13. Bc4 Qxh2 14. Qf1 Bxb4+ 15. Nc3 h5 16. Kc2 Bf5 17. Bd2 a5 18. Nge2 h4 19. d5 c5 20. Rd1 Rh6 21. Bc1 Kf8 22. Kb3 a4+ 23. Ka2 Qe5 24. Nb5 h3 25. d6 h2 26. Ng3 Bg4 27. Be2 Be6+ 28. Bc4 Bg4 29. f4 exf3 30. Qf2 Be6 31. Bxe6 Qxe6+ 32. Kb1 Qb3 33. Qxf3 Rd8 34. Nh1 a3 35. Qd5 Qxd5 36. Rxd5 axb2 37. Bxb2 c4 38. Bd4 Rd7 39. Kc2 f6 40. Bc5 Bxc5 41. Rxc5 Rg6 42. Rh5 Rg5 43. Rh8+ Kf7 44. Nd4 Rg2+ 45. Kc3 Rxd6 46. Kxc4 Ra6 0-1

[Event "Lenk Open"]
[Site "Lenk SUI"]
[Date "1990.??.??"]
[Round "?"]
[White "Klinger, Josef"]
[Black "Kallai, Gabor"]
[Result "1-0"]
[WhiteElo "2475"]
[BlackElo "2420"]
[PlyCount "83"]
[EventDate "1990.??.??"]
[Source "www.chesslib.no"]
[SourceDate "2004.05.04"]

1. d4 d5 2. e3 Nf6 3. Bd3 g6 4. f4 Bg7 5. Nf3 O-O 6. O-O c5 7. c3 b6 8. Qe2 a5 9. a4 Ba6 10. Bxa6 Nxa6 11. b3 Ne4 12. Bb2 e6 13. Na3 Qe7 14. Rfc1 Rfc8 15. Rc2 cxd4 16. exd4 Nc7 17. Rac1 Ne8 18. Nb5 N8d6 19. c4 Nxb5 20. cxb5 Rxc2 21. Qxc2 Qb4 22. Qd3 Nd6 23. Rc6 Rc8 24. Rxb6 Nc4 25. bxc4 Qxb2 26. c5 Qa1+ 27. Kf2 Qxa4 28. Rb7 Qb4 29. c6 a4 30. c7 Bf8 31. b6 Bd6 32. Kg3 Qa5 33. Qc2 a3 34. Rb8 Rxb8 35. cxb8=Q+ Bxb8 36. Qc8+ Kg7 37. Qxb8 a2 38. b7 a1=Q 39. Qe5+ f6 40. Qd6 Q5c3 41. Qd7+ Kh6 42. Kh4 1-0

[Event "Olimpiadi 2008 - open"]
[Site "Dresda GER"]
[Date "2008.11.23"]
[Round "10"]
[White "Abdulla, AlR"]
[Black "Arias, Le"]
[Result "1/2-1/2"]
[WhiteElo "2522"]
[BlackElo "2372"]
[PlyCount "65"]
[EventDate "2008.11.13"]
[Source "www.chesslib.no"]
[SourceDate "2004.05.04"]

1. d4 d5 2. e3 Nf6 3. Bd3 c5 4. c3 Nc6 5. f4 Bg4 6. Nf3 e6 7. O-O Bd6 8. Bd2 c4 9. Bc2 Ne4 10. b3 b5 11. a4 cxb3 12. Bxb3 a6 13. h3 Bh5 14. g4 Bg6 15. axb5 axb5 16. Rxa8 Qxa8 17. f5 exf5 18. Bxd5 Nf6 19. Qb3 O-O 20. gxf5 Bxf5 21. Ne5 Nxd5 22. Qxd5 Nxe5 23. Qxa8 Rxa8 24. dxe5 Bxb1 25. exd6 Be4 26. Rd1 f6 27. Be1 Kf7 28. d7 Rd8 29. c4 Bc6 30. Rd6 Bxd7 31. cxb5 Ke8 32. b6 Bc8 33. Rxd8+ 1/2-1/2

[Event "Werfen Open"]
[Site "Werfen"]
[Date "1993.??.??"]
[Round "6"]
[White "Klinger, Josef"]
[Black "Lempert, Igor"]
[Result "1/2-1/2"]
[WhiteElo "2435"]
[BlackElo "2455"]
[PlyCount "106"]
[EventDate "1993.??.??"]
[Source "www.chesslib.no"]
[SourceDate "2004.05.04"]

1. d4 d5 2. e3 Nf6 3. Bd3 c5 4. c3 Nbd7 5. f4 g6 6. Nf3 Bg7 7. O-O O-O 8. b3 Ne4 9. Bb2 Ndf6 10. Qe2 Bf5 11. Ne5 cxd4 12. exd4 Nd6 13. c4 Bxd3 14. Qxd3 dxc4 15. bxc4 Qc8 16. Nd2 Qf5 17. Qb3 Rac8 18. Rae1 b6 19. d5 Rc7 20. Nc6 Re8 21. Ba3 Bf8 22. Nf3 Qxf4 23. Nfd4 Qh4 24. Bxd6 exd6 25. Rxe8 Nxe8 26. Nb5 Rb7 27. Ncxa7 Re7 28. Nc8 Re1 29. Qf3 Rxf1+ 30. Qxf1 Qd8 31. Nca7 Qe7 32. Nc8 Qd8 33. Nca7 Qe7 34. Nc8 Qe3+ 35. Qf2 Qc1+ 36. Qf1 Qd2 37. Nxb6 Qe3+ 38. Qf2 Qc1+ 39. Qf1 Qe3+ 40. Qf2 Bh6 41. Kf1 Qc1+ 42. Qe1 Qf4+ 43. Qf2 Qe4 44. Nc3 Qe5 45. Qe2 Qf6+ 46. Qf3 Qd4 47. Qe4 Qxc3 48. Qxe8+ Kg7 49. Nd7 Qxc4+ 50. Qe2 Qf4+ 51. Qf2 Qc1+ 52. Qe1 Qc4+ 53. Qe2 Qf4+ 1/2-1/2

[Event "Valle d'Aosta op 10th"]
[Site "Valle d'Aosta"]
[Date "2002.02.11"]
[Round "3"]
[White "Zichichi, Alvise"]
[Black "Volzhin, Alexander"]
[Result "0-1"]
[WhiteElo "2313"]
[BlackElo "2521"]
[PlyCount "64"]
[EventDate "2002.02.09"]
[Source "ChessBase"]
[SourceDate "2002.03.14"]

1. d4 d5 2. e3 Nf6 3. Bd3 c5 4. c3 Nc6 5. f4 Bg4 6. Nf3 e6 7. O-O Bd6 8. Qe1 O-O 9. Ne5 Bf5 10. Bxf5 exf5 11. Qh4 Ne4 12. Qh3 Bxe5 13. fxe5 f6 14. Nd2 fxe5 15. Rxf5 Ng5 16. Qg4 Rxf5 17. Qxf5 Qe7 18. h4 Ne6 19. c4 Rf8 20. Qg4 Qd6 21. e4 Rf4 22. Qd1 Nexd4 23. exd5 Qg6 24. Nf1 Nf3+ 25. Kf2 Nxh4+ 26. Bxf4 Qxg2+ 27. Ke3 exf4+ 28. Kd3 Nb4+ 29. Kc3 Qh3+ 30. Kd2 Qd3+ 31. Ke1 Nc2+ 32. Kf2 Qg6 0-1

[Event "Werfen Open"]
[Site "Werfen"]
[Date "1990.??.??"]
[Round "4"]
[White "Klinger, Josef"]
[Black "Mathe, Gaspar"]
[Result "1-0"]
[WhiteElo "2475"]
[BlackElo "2350"]
[PlyCount "79"]
[EventDate "1990.09.??"]
[Source "www.chesslib.no"]
[SourceDate "2004.05.04"]

1. d4 d5 2. e3 Nf6 3. Bd3 c5 4. c3 Nbd7 5. f4 cxd4 6. exd4 g6 7. Qe2 Nb6 8. Nf3 Bg7 9. a4 Bd7 10. Ne5 O-O 11. a5 Nc8 12. a6 b6 13. O-O Nd6 14. Bd2 Rc8 15. Be1 Bf5 16. Bxf5 Nxf5 17. Nd2 Nd6 18. Bh4 Qc7 19. Bxf6 Bxf6 20. g4 e6 21. Kg2 Bg7 22. h4 Qe7 23. Rh1 f6 24. Nd3 Rce8 25. h5 e5 26. hxg6 hxg6 27. Rae1 Qd8 28. fxe5 fxe5 29. dxe5 Qg5 30. Kh3 Bh8 31. Nf3 Qd8 32. Kg2 Ne4 33. Qe3 Qd7 34. Rh4 Bg7 35. Nb4 Rxf3 36. Qxf3 Rf8 37. Qd1 g5 38. Qxd5+ Qxd5 39. Nxd5 Rf2+ 40. Kg1 1-0

[Event "Naleczow masters"]
[Site "Naleczow"]
[Date "1987.??.??"]
[Round "12"]
[White "Negulescu, Adrian"]
[Black "Redzepagic, Rolando"]
[Result "1/2-1/2"]
[WhiteElo "2435"]
[BlackElo "2390"]
[PlyCount "22"]
[EventDate "1987.07.??"]
[Source "www.chesslib.no"]
[SourceDate "2004.05.04"]

1. d4 d5 2. e3 Nf6 3. Bd3 c6 4. Nd2 Bg4 5. f3 Bh5 6. c3 Nbd7 7. Qb3 Qc7 8. e4 e5 9. Ne2 Be7 10. O-O O-O 11. exd5 Nxd5 1/2-1/2

[Event "Genova"]
[Site "?"]
[Date "1998.??.??"]
[Round "4"]
[White "Wall Gavin"]
[Black "Godena Michele"]
[Result "0-1"]
[WhiteElo "2320"]
[BlackElo "2500"]
[PlyCount "86"]
[EventDate "1998.??.??"]
[Source "www.chesslib.no"]
[SourceDate "2004.05.04"]

1. d4 d5 2. e3 Nf6 3. Bd3 c5 4. c3 Qc7 5. f4 g6 6. Nf3 Bg7 7. O-O O-O 8. Qe1 b6 9. Nbd2 Ba6 10. Bxa6 Nxa6 11. Qh4 Qc8 12. Ne5 Nc7 13. Rf3 Nb5 14. g4 Nd6 15. f5 gxf5 16. g5 Ng4 17. Rh3 h6 18. gxh6 Bf6 19. h7+ Kh8 20. Qg3 Qe6 21. Nd3 Bg5 22. Nf1 Ne4 23. Qf3 cxd4 24. cxd4 Rac8 25. Ng3 Rxc1+ 26. Nxc1 Bxe3+ 27. Kg2 Ng5 28. Qxf5 Bxc1 29. Qxe6 fxe6 30. Rh5 Rf2+ 31. Kh1 Bf4 32. Rf1 Bxg3 33. Rxf2 Bxf2 34. Rxg5 Nf6 35. Re5 Bxd4 36. Rxe6 Bc5 37. Kg2 Kxh7 38. Kf3 Kg6 39. a3 Kf5 40. Re1 e5 41. b4 e4+ 42. Ke2 Bd6 43. Rf1+ Bf4 0-1

[Event "AUT Ch"]
[Site "Austria"]
[Date "1993.??.??"]
[Round "2"]
[White "Klinger, Josef"]
[Black "Schroll, Gerhard"]
[Result "1/2-1/2"]
[WhiteElo "2435"]
[BlackElo "2385"]
[PlyCount "21"]
[EventDate "1993.??.??"]
[Source "www.chesslib.no"]
[SourceDate "2004.05.04"]

1. d4 d5 2. e3 Nf6 3. Bd3 c5 4. c3 cxd4 5. exd4 Nc6 6. Nf3 Bg4 7. Qb3 Qc7 8. Nbd2 e6 9. h3 Bh5 10. O-O Bd6 11. Re1 1/2-1/2

[Event "National I"]
[Site "Drancy"]
[Date "2003.02.02"]
[Round "3"]
[White "Doornbos, Yann"]
[Black "Skripchenko Lautier, Almira"]
[Result "1-0"]
[WhiteElo "2318"]
[BlackElo "2501"]
[PlyCount "87"]
[EventDate "2003.01.31"]
[Source "Roberto Alvarez"]
[SourceDate "2003.02.17"]

1. d4 d5 2. e3 Nf6 3. Bd3 c5 4. c3 Nbd7 5. f4 g6 6. Nd2 Bg7 7. Nh3 O-O 8. O-O Ne8 9. Ng5 Nd6 10. Qe1 cxd4 11. exd4 Nf6 12. h3 h6 13. Ngf3 Bf5 14. Be2 Be4 15. Ne5 Qc7 16. Nxe4 Nfxe4 17. Bd3 b5 18. Be3 a5 19. Rc1 e6 20. Rc2 Rfc8 21. g4 Qe7 22. Rg2 b4 23. cxb4 axb4 24. Qxb4 Rxa2 25. Bxe4 dxe4 26. Qb3 Raa8 27. f5 g5 28. h4 Rab8 29. Qa3 f6 30. hxg5 hxg5 31. Ng6 Qd7 32. Bxg5 fxg5 33. f6 Bf8 34. Ne5 Qb7 35. Qe3 Nf7 36. Nxf7 Kxf7 37. Qxg5 Qd5 38. Qh4 Qxd4+ 39. Kh1 Qd5 40. g5 Ke8 41. Qh5+ Kd8 42. Rd1 Rc1 43. Rxc1 Rb3 44. Qh8 1-0

[Event "Leutersdorf Open 2005"]
[Site "?"]
[Date "2005.??.??"]
[Round "4"]
[White "Bogdanovich Grigorij"]
[Black "Lobzhanidze Davit"]
[Result "1/2-1/2"]
[WhiteElo "2349"]
[BlackElo "2467"]
[PlyCount "130"]
[EventDate "2005.??.??"]
[Source "www.chesslib.no"]
[SourceDate "2004.05.04"]

1. d4 d5 2. e3 Nf6 3. Bd3 Bg4 4. Ne2 Nc6 5. f3 Bd7 6. f4 Nb4 7. O-O g6 8. Bd2 Nxd3 9. cxd3 Bg7 10. Nbc3 O-O 11. Be1 c6 12. Na4 b6 13. Rc1 Ne8 14. Nac3 Nd6 15. Bf2 e6 16. e4 f5 17. e5 Nf7 18. Kh1 g5 19. fxg5 Qxg5 20. Ng1 Nh8 21. Nh3 Qg4 22. Be3 Ng6 23. Nf4 Nxf4 24. Bxf4 c5 25. Ne2 Rac8 26. Qd2 cxd4 27. Nxd4 Rxc1 28. Rxc1 Rc8 29. Rxc8+ Bxc8 30. Qc1 Bd7 31. h3 Qh4 32. Nf3 Qd8 33. Bh6 Bb5 34. Bxg7 Kxg7 35. Nd4 Bd7 36. Qf4 h6 37. Kh2 a5 38. Kg3 Qg5+ 39. Qxg5+ hxg5 40. Kf3 Kg6 41. g4 Bc8 42. Ke3 f4+ 43. Kd2 Kf7 44. a3 Ba6 45. Kc3 Bc8 46. b4 axb4+ 47. axb4 Ba6 48. Kd2 Bc8 49. Kd1 Bd7 50. Ke2 Bc8 51. Nb5 Kg6 52. Nd6 Bd7 53. Kf3 Kg7 54. b5 Kg6 55. h4 gxh4 56. Kxf4 Kh6 57. d4 Kg6 58. Ke3 Kg5 59. Kf3 h3 60. Kg3 h2 61. Kxh2 Kxg4 62. Kg2 Kf4 63. Kf2 Kg4 64. Ke3 Kg3 65. Kd2 Kg4 1/2-1/2

[Event "Werfen Open"]
[Site "Werfen"]
[Date "1990.??.??"]
[Round "9"]
[White "Klinger, Josef"]
[Black "Neckar, Lubomir"]
[Result "1-0"]
[WhiteElo "2475"]
[BlackElo "2340"]
[PlyCount "57"]
[EventDate "1990.09.??"]
[Source "www.chesslib.no"]
[SourceDate "2004.05.04"]

1. d4 d5 2. e3 Nf6 3. Bd3 Bg4 4. Ne2 e6 5. O-O Nbd7 6. f4 Ne4 7. c4 c6 8. Nd2 f5 9. Qe1 Be7 10. Nxe4 fxe4 11. Bc2 O-O 12. Bd2 Bh4 13. Qd1 Rf6 14. h3 Bxe2 15. Qxe2 Bg3 16. b4 Rg6 17. Bb3 Nb6 18. Rac1 a6 19. a4 Qf6 20. Rc2 Qf5 21. Rb1 Rf8 22. b5 axb5 23. cxb5 cxb5 24. Qxb5 Bh4 25. Kh1 Rg3 26. Qe2 Rg6 27. Bb4 Re8 28. Rbc1 Bg3 29. Qb5 1-0

[Event "10th WCh-University"]
[Site "Novokuznetsk RUS"]
[Date "2008.03.05"]
[Round "2"]
[White "Moosavian, S."]
[Black "Alavi, S."]
[Result "1-0"]
[WhiteElo "2349"]
[BlackElo "2461"]
[PlyCount "45"]
[EventDate "2008.03.04"]
[Source "www.chesslib.no"]
[SourceDate "2004.05.04"]

1. d4 d5 2. e3 Nf6 3. Bd3 g6 4. f4 Bg7 5. Nf3 c5 6. c3 b6 7. O-O O-O 8. Qe2 Bb7 9. b3 a5 10. Na3 Nc6 11. Nb5 Re8 12. Ba3 cxd4 13. exd4 Nd7 14. Rad1 Nf8 15. f5 Ba6 16. Ng5 Bf6 17. Qg4 Qd7 18. Nxf7 h5 19. Qh3 Kxf7 20. fxg6+ Kg8 21. Qxh5 Nb4 22. g7 Bxb5 23. Qh8+ 1-0

[Event "Czech Open"]
[Site "?"]
[Date "1998.07.24"]
[Round "8"]
[White "Dubinka Inna"]
[Black "Shabanov Yuri"]
[Result "0-1"]
[WhiteElo "2315"]
[BlackElo "2495"]
[PlyCount "84"]
[EventDate "1998.??.??"]
[Source "www.chesslib.no"]
[SourceDate "2004.05.04"]

1. d4 d5 2. e3 Nf6 3. Bd3 c6 4. f4 Bg4 5. Nf3 e6 6. O-O Be7 7. Nbd2 O-O 8. Qe1 Bf5 9. e4 dxe4 10. Nxe4 Nxe4 11. Bxe4 Bxe4 12. Qxe4 Nd7 13. f5 Nf6 14. Qd3 exf5 15. Qxf5 Qd5 16. Qxd5 Nxd5 17. c3 Rfe8 18. Bd2 c5 19. Rae1 cxd4 20. Nxd4 Bc5 21. Rf5 Rxe1+ 22. Bxe1 Bxd4+ 23. cxd4 Rd8 24. Bf2 f6 25. g4 Kf7 26. Kf1 Ke6 27. Ke2 h5 28. h3 Rh8 29. Kd3 hxg4 30. hxg4 Rh2 31. Ke2 g5 32. Kf3 a6 33. Ke4 Ne7 34. d5+ Nxd5 35. Kf3 Rh3+ 36. Ke4 Rh2 37. Kf3 Rh1 38. a3 Ne7 39. Rc5 Nc6 40. Kg2 Rd1 41. Rc3 Ne5 42. Kg3 Kd5 0-1

[Event "Vienna op"]
[Site "Vienna"]
[Date "1990.??.??"]
[Round "5"]
[White "Klinger, Josef"]
[Black "Opl, Klaus"]
[Result "1/2-1/2"]
[WhiteElo "2520"]
[BlackElo "2285"]
[PlyCount "67"]
[EventDate "1990.10.??"]
[Source "ChessBase"]

1. d4 d5 2. e3 Nf6 3. Bd3 g6 4. f4 Bg7 5. Nf3 O-O 6. O-O b6 7. Qe2 Bb7 8. b3 Nbd7 9. Bb2 c5 10. Na3 a5 11. c4 a4 12. Ne5 e6 13. Nb5 Qe7 14. Rac1 Ne4 15. Nxd7 Qxd7 16. Bxe4 dxe4 17. dxc5 bxc5 18. Bxg7 Kxg7 19. Qb2+ f6 20. b4 cxb4 21. Qxb4 Bc6 22. Rfd1 Qb7 23. Qd6 Rad8 24. Qxd8 Rxd8 25. Rxd8 Qb6 26. Rdd1 Qxe3+ 27. Kh1 e5 28. fxe5 fxe5 29. Nc7 Qf2 30. Nd5 e3 31. Rf1 Qd2 32. Rfd1 Qf2 33. Rf1 Qd2 34. Rfd1 1/2-1/2

[Event "TCh-BEL 2004-5"]
[Site "?"]
[Date "2005.01.30"]
[Round "8"]
[White "Eliet Nicolas"]
[Black "Dutreeuw Marc"]
[Result "1/2-1/2"]
[WhiteElo "2430"]
[BlackElo "2352"]
[PlyCount "108"]
[EventDate "2005.??.??"]
[Source "www.chesslib.no"]
[SourceDate "2004.05.04"]

1. d4 d5 2. e3 Nf6 3. Bd3 c5 4. Nf3 cxd4 5. exd4 Nc6 6. c3 Bg4 7. Nbd2 e6 8. Qa4 Bd6 9. Ne5 Qc7 10. Nxg4 Nxg4 11. h3 Nf6 12. Nf3 O-O-O 13. Be3 Kb8 14. Ne5 Bxe5 15. dxe5 Nd7 16. O-O Ndxe5 17. Be2 Nd7 18. Rfd1 Nb6 19. Qb5 d4 20. cxd4 Nd5 21. Rac1 Qb6 22. Qxb6 Nxb6 23. Bb5 Rc8 24. Bf4+ Ka8 25. Bxc6 Rxc6 26. Rxc6 bxc6 27. Be5 f6 28. Bg3 Kb7 29. b3 Nd5 30. Bd6 Rd8 31. Bc5 Nf4 32. Re1 Re8 33. Re3 Nd5 34. Rf3 a6 35. h4 g6 36. Rd3 Nf4 37. Rd2 Nd5 38. g3 Rd8 39. f4 Re8 40. h5 gxh5 41. Rh2 Rg8 42. Kf2 f5 43. Rxh5 Nf6 44. Rh3 Kc7 45. Kf3 Kd7 46. d5 h5 47. dxe6+ Kxe6 48. Bf2 Rd8 49. Rh1 Rd2 50. Rc1 Kd7 51. Ra1 Nd5 52. Rh1 Nf6 53. Ra1 Nd5 54. Rh1 Nf6 1/2-1/2

[Event "Corr"]
[Site "?"]
[Date "2002.06.15"]
[Round "?"]
[White "Petkov Petko Georgiev (BUL"]
[Black "Koch Hans-Georg (GER)"]
[Result "0-1"]
[WhiteElo "2432"]
[BlackElo "2347"]
[PlyCount "99"]
[EventDate "2002.??.??"]
[Source "www.chesslib.no"]
[SourceDate "2004.05.04"]

1. d4 d5 2. e3 Nf6 3. Bd3 g6 4. Nf3 Bg7 5. Nbd2 c5 6. c3 Nbd7 7. O-O O-O 8. Qe2 Qc7 9. c4 e5 10. dxe5 Nxe5 11. cxd5 Nxd5 12. Nxe5 Bxe5 13. Nf3 Bg7 14. Rd1 Be6 15. Ng5 c4 16. Be4 Rad8 17. Nxe6 fxe6 18. Rb1 c3 19. a3 b5 20. Qc2 cxb2 21. Bxb2 Qxc2 22. Bxc2 Bxb2 23. Rxb2 Nc3 24. Rxd8 Rxd8 25. Bb3 Kg7 26. f3 Kf6 27. Kf1 a5 28. Ke1 Rd3 29. Bc2 Rxe3+ 30. Kd2 Nd5 31. Bb3 Re5 32. Bxd5 Rxd5+ 33. Ke3 g5 34. Ke4 h5 35. g3 b4 36. Rb3 Rb5 37. Kd4 e5+ 38. Kc4 Rb7 39. h3 Kf5 40. Kd3 h4 41. gxh4 gxh4 42. axb4 Rxb4 43. Ra3 a4 44. Ke2 Kf4 45. Kf2 Rb2+ 46. Ke1 Rb3 47. Rxa4+ Kxf3 48. Ra8 e4 49. Re8 Re3+ 50. Kd1 0-1

[Event "Werfen Open"]
[Site "Werfen"]
[Date "1991.??.??"]
[Round "7"]
[White "Klinger, Josef"]
[Black "Brod, Manfred"]
[Result "1-0"]
[WhiteElo "2510"]
[BlackElo "2265"]
[PlyCount "81"]
[EventDate "1991.08.??"]
[Source "www.chesslib.no"]
[SourceDate "2004.05.04"]

1. d4 d5 2. e3 Nf6 3. Bd3 e6 4. Nd2 Be7 5. f4 O-O 6. Qf3 c5 7. c3 b6 8. Ne2 Ba6 9. Bc2 Nc6 10. g4 Rc8 11. g5 Nd7 12. Qh3 g6 13. Nf3 Bxe2 14. Kxe2 b5 15. Qg3 Re8 16. h4 Bf8 17. h5 Bg7 18. Bd2 cxd4 19. exd4 Nxd4+ 20. Nxd4 e5 21. fxe5 Bxe5 22. Qh3 Bxd4+ 23. Kd1 Qe7 24. hxg6 fxg6 25. Bd3 Be5 26. Kc2 b4 27. Rae1 bxc3 28. bxc3 Nf8 29. Bb5 Qa3 30. Rxe5 Qxa2+ 31. Kd3 Rxe5 32. Qxc8 Qb3 33. Qc5 Rf5 34. Be3 a5 35. Bc6 a4 36. Qb5 Ne6 37. Qxb3 axb3 38. Bd4 Nf4+ 39. Kd2 Rf8 40. Rb1 Ng2 41. Bxd5+ 1-0

[Event "Werfen Open"]
[Site "Werfen"]
[Date "1993.??.??"]
[Round "8"]
[White "Klinger, Josef"]
[Black "Shalamberidze, Akaki"]
[Result "1-0"]
[WhiteElo "2435"]
[BlackElo "2330"]
[PlyCount "73"]
[EventDate "1993.??.??"]
[Source "www.chesslib.no"]
[SourceDate "2004.05.04"]

1. d4 d5 2. e3 Nf6 3. Bd3 c5 4. c3 Qc7 5. f4 g6 6. Nf3 Bg7 7. O-O O-O 8. Qe2 b6 9. b3 Bb7 10. Bb2 Ne4 11. Na3 Nd7 12. Nb5 Qb8 13. a4 a6 14. Na3 Qd6 15. c4 cxd4 16. exd4 Qb4 17. Bxe4 dxe4 18. Nd2 Qd6 19. Nxe4 Bxd4+ 20. Kh1 Qe6 21. Bxd4 Qxe4 22. Qb2 Nc5 23. Rae1 Qf5 24. Rxe7 Nd3 25. Qd2 Be4 26. Nc2 Rfe8 27. Ne3 Rxe7 28. Nxf5 Bxf5 29. Ba1 Re6 30. h3 Rae8 31. Kh2 f6 32. Rf3 Ne1 33. Rg3 Kf7 34. Bc3 h5 35. h4 Re2 36. Qd5+ Be6 37. Qd4 1-0

[Event "Dhaka VII UI&UL GM"]
[Site "?"]
[Date "2005.04.13"]
[Round "10"]
[White "Abdulla Al-Rakib"]
[Black "Mohota Nisha"]
[Result "1/2-1/2"]
[WhiteElo "2462"]
[BlackElo "2297"]
[PlyCount "109"]
[EventDate "2005.??.??"]
[Source "www.chesslib.no"]
[SourceDate "2004.05.04"]

1. d4 d5 2. e3 Nf6 3. Bd3 c5 4. c3 cxd4 5. exd4 g6 6. Nf3 Nc6 7. O-O Bg7 8. Re1 Qc7 9. Bg5 O-O 10. Nbd2 Bf5 11. Bxf5 gxf5 12. Nf1 e6 13. Bxf6 Bxf6 14. Qd2 Kh8 15. Qh6 Qd8 16. Qh5 Ne7 17. Re3 Ng8 18. Rd1 Rc8 19. Ne5 Bxe5 20. dxe5 Rc4 21. Rh3 h6 22. Rdd3 Rg4 23. Ne3 Rg6 24. Qh4 Qa5 25. a3 Qb5 26. Rd2 Rc8 27. Qb4 Qxb4 28. axb4 Ne7 29. f4 a6 30. Rf3 Nc6 31. Nc2 Rc7 32. Rf1 Rg8 33. Kf2 Kg7 34. Rd3 Kh7 35. Ra1 Rg4 36. Kf3 Rg8 37. Ra4 Kg7 38. Kf2 Kh7 39. Ra1 Rg4 40. Kf3 Rg8 41. Rg1 Rg6 42. Ne3 Ne7 43. Ra1 Rg8 44. h3 h5 45. g3 Rg6 46. Rh1 Kg7 47. Rd2 Rc8 48. Rg2 Rh8 49. Ra1 Nc6 50. Nc2 f6 51. exf6+ Kxf6 52. Rd1 Rd8 53. Nd4 Nxd4+ 54. Rxd4 Rc8 55. Rg1 1/2-1/2

[Event "Srbia-chT"]
[Site "?"]
[Date "2000.??.??"]
[Round "?"]
[White "Tosic Miroslav"]
[Black "Stojanovic Dalibor"]
[Result "1/2-1/2"]
[WhiteElo "2503"]
[BlackElo "2249"]
[PlyCount "88"]
[EventDate "2000.??.??"]
[Source "www.chesslib.no"]
[SourceDate "2004.05.04"]

1. d4 d5 2. e3 Nf6 3. Bd3 e6 4. f4 Be7 5. Nf3 O-O 6. c3 b6 7. Nbd2 c5 8. Qe2 Bb7 9. Ne5 Nbd7 10. O-O g6 11. b3 Nxe5 12. fxe5 Ne8 13. Bb2 f5 14. exf6 Bxf6 15. dxc5 bxc5 16. e4 Ng7 17. e5 Be7 18. Rxf8+ Bxf8 19. c4 Be7 20. cxd5 exd5 21. Rd1 Qc8 22. Nf3 a5 23. a4 Ne6 24. Bb5 Nf4 25. Qf2 Qg4 26. Qg3 Qxg3 27. hxg3 Ne6 28. Bd7 Nf8 29. Bg4 c4 30. Nd4 Bc5 31. Kh2 Bxd4 32. Bxd4 h5 33. Bh3 cxb3 34. Rc1 Ba6 35. Rc7 Re8 36. Ra7 Bc4 37. Rxa5 Ne6 38. Bb2 d4 39. Bxe6+ Bxe6 40. Bxd4 Rd8 41. Bc3 Rc8 42. Ra6 Kf7 43. Ra7+ Kg8 44. Ra6 Kf7 1/2-1/2

[Event "X Open internazionale"]
[Site "Banyoles SPA"]
[Date "2007.08.24"]
[Round "9"]
[White "Matnadze, Ana"]
[Black "Mohota, Nisha"]
[Result "1-0"]
[WhiteElo "2409"]
[BlackElo "2332"]
[PlyCount "113"]
[EventDate "2007.08.16"]
[Source "www.chesslib.no"]
[SourceDate "2004.05.04"]

1. d4 d5 2. e3 Nf6 3. Bd3 g6 4. f4 Bg7 5. Nf3 O-O 6. O-O b6 7. Qe2 Bb7 8. Bd2 Nbd7 9. Be1 c5 10. c3 Ne4 11. Bh4 Nd6 12. Nbd2 Rc8 13. Rad1 Nf6 14. Ne5 Qc7 15. g4 cxd4 16. exd4 Nfe4 17. Bg3 f6 18. Nef3 f5 19. gxf5 Nxg3 20. hxg3 Nxf5 21. Kg2 Qd6 22. Rde1 Rce8 23. Ne5 Bxe5 24. Qxe5 Qxe5 25. Rxe5 e6 26. Rfe1 Bc8 27. g4 Nd6 28. Kg3 Bd7 29. Nf3 Rf6 30. g5 Rff8 31. R5e2 Nf5+ 32. Bxf5 exf5 33. Re5 Kf7 34. Rh1 Kg8 35. Rxd5 Bc6 36. Re5 Rxe5 37. fxe5 Bd5 38. Kf4 Rf7 39. b3 b5 40. Rc1 Rd7 41. Ne1 Be4 42. Nc2 Kf7 43. Ne3 b4 44. Nc4 bxc3 45. Nd6+ Ke6 46. Rxc3 Bd5 47. Rc5 Bg2 48. Nb5 Ke7 49. b4 a6 50. Nd6 Ke6 51. Ke3 h6 52. gxh6 Rh7 53. Rc2 Bd5 54. Ne8 Bb7 55. Rc7 Rxh6 56. Ng7+ Kd5 57. Rc5# 1-0

[Event "AUT Team Ch"]
[Site "Austria"]
[Date "1993.??.??"]
[Round "?"]
[White "Klinger, Josef"]
[Black "Duer, Werner"]
[Result "1-0"]
[WhiteElo "2480"]
[BlackElo "2255"]
[PlyCount "65"]
[EventDate "1993.??.??"]
[Source "www.chesslib.no"]
[SourceDate "2004.05.04"]

1. d4 d5 2. e3 Nf6 3. Bd3 c5 4. c3 Qc7 5. f4 g6 6. Nf3 Bg7 7. O-O O-O 8. Qe2 Nbd7 9. b3 b6 10. Bb2 Bb7 11. Na3 a6 12. Ne5 e6 13. c4 Qd6 14. Rfd1 Qe7 15. Rac1 Rfc8 16. Nb1 Rc7 17. Nc3 Ra7 18. Na4 Nxe5 19. dxe5 Nd7 20. cxd5 exd5 21. e4 dxe4 22. Bxe4 Bxe4 23. Qxe4 b5 24. Nc3 Nb6 25. Rd6 Rcb7 26. Qe3 Qc7 27. Ne4 Nd7 28. Nxc5 Nxc5 29. Rxc5 Qb8 30. Rcd5 Ra8 31. Qd4 Qa7 32. Qxa7 Raxa7 33. Rd8+ 1-0

[Event "Antwerp Open"]
[Site "Antwerp BEL"]
[Date "1993.??.??"]
[Round "5"]
[White "Rice, Christopher"]
[Black "Novikov, Igor A"]
[Result "0-1"]
[WhiteElo "2190"]
[BlackElo "2545"]
[PlyCount "75"]
[EventDate "1993.08.??"]
[Source "www.chesslib.no"]
[SourceDate "2004.05.04"]

1. d4 d5 2. e3 Nf6 3. Bd3 c5 4. c3 e6 5. Nd2 Nc6 6. Ngf3 Qc7 7. O-O Be7 8. Qe2 O-O 9. dxc5 Bxc5 10. e4 h6 11. Nb3 dxe4 12. Bxe4 Nxe4 13. Qxe4 Bd6 14. Be3 b6 15. Rad1 Bb7 16. Qh4 Rfd8 17. Nbd4 Nxd4 18. Nxd4 Kh7 19. Rd2 Be7 20. Qh5 Bf6 21. Rfd1 Rd5 22. Qe2 Rad8 23. Nf3 Qc6 24. Rxd5 Rxd5 25. Rxd5 Qxd5 26. Qc2+ Kg8 27. b3 Qh5 28. Nd4 b5 29. Qe2 Qg6 30. f3 a6 31. Kf2 Qb1 32. Kg3 Be5+ 33. f4 Bf6 34. Kf2 Bh4+ 35. g3 Bf6 36. Qf1 Qxa2+ 37. Kg1 Qb2 38. Qe2 0-1